000 00761nam a2200253 a 4500
001 BRCA_5479
005 20190320205110.0
008 181209s1937----u--a######---#000-0#eng-#
041 _aeng
044 _au
050 4 _aN31
_b.B66 1937
100 1 _aBond, Harold Lewis
_914007
245 1 0 _aAn Encyclopedia of Antiques
_cby Harold Lewis Bond.
260 _aBoston
_bHale, Cushman & Flint
_c1937
300 _axiii, 389 p.
_bil., 63 láminas
_c26 cm.
500 _aIncluye lista de ilustraciones
500 _aEnciclopedia inventariada por Banco de México como libro
500 _aG41
504 _aBibliografía: p. 361-389
650 1 4 _aArte
_vDiccionarios
_914008
650 1 4 _aEnciclopedias y diccionarios
_99441
902 _aGFM
942 _2lcc
_cB
999 _c5173
_d5173